Countries Losing Population with Exceptions - Statistics

General Stats
  • This quiz has been taken 10 times
  • The average score is 8 of 10
Answer Stats
% Loss Country % Correct
-0.38% Cuba
100%
-0.45% Dominica
100%
-3.38% Marshall Islands
89%
-0.13% Palau
89%
-0.7% Saint Vincent and the Grenadines
89%
-0.39% Tonga
89%
-1.69% Tuvalu
89%
-0.05% Jamaica
78%
-0.05% Uruguay
67%
-0.21% Mauritius
56%
No matching quizzes found
Score Distribution
Percent of People with Each Score
Percentile by Number Answered
Your Score History
You have not taken this quiz